000 00443nam a2200205Ia 4500
003 IT-RoPAU
008 120407s9999 xx 000 0 und d
040 _aIT-RoPAU
040 _cIT-RoPAU
041 _aita
100 _aMariano Campo
245 _aVariazioni sulla storia della filosofia moderna
250 _aBrescia
260 _aLa Scuola
300 _a198 p.
300 _c25 cm
490 _v1
942 _cBK
999 _c28256
_d28256